Normal view
MARC view
- Naz, S. M
Entry Personal Name
001 - CONTROL NUMBER
- control field: 74294
003 - CONTROL NUMBER IDENTIFIER
- control field: NUST
005 - DATE AND TIME OF LATEST TRANSACTION
- control field: 20210628205159.0
008 - FIXED-LENGTH DATA ELEMENTS
- fixed length control field: 210628|| aca||aabn | a|a d
040 ## - CATALOGING SOURCE
- Original cataloging agency: NUST
- Transcribing agency: NUST
100 ## - HEADING--PERSONAL NAME
- Personal name: Naz, S. M
670 ## - SOURCE DATA FOUND
- Source citation: Work cat.: (NUST): Naz, S. M, Encyclopedia of muslim personalities in search of islamic history, 1996
